NEXT GENERATION EXCEL MODELING IN EXCEL (Record no. 39995)

MARC details
000 -LEADER
fixed length control field 00263nam a2200109Ia 4500
008 - FIXED-LENGTH DATA ELEMENTS--GENERAL INFORMATION
fixed length control field 240625s9999 xx 000 0 und d
041 ## - LANGUAGE CODE
Language code of text/sound track or separate title eng
082 ## - DEWEY DECIMAL CLASSIFICATION NUMBER
Classification number 005.54 GOT
100 ## - MAIN ENTRY--PERSONAL NAME
Personal name GOTTLIEB ISAAC
245 ## - TITLE STATEMENT
Title NEXT GENERATION EXCEL MODELING IN EXCEL
260 ## - PUBLICATION, DISTRIBUTION, ETC.
Date of publication, distribution, etc. 2009
Holdings
Withdrawn status Lost status Damaged status Not for loan Home library Current library Shelving location Date acquired Source of acquisition Total Checkouts Full call number Barcode Date last seen Date last checked out Price effective from Koha item type
        IMTN IMTN Rack 3-A 11/22/2017 32917 1 005.54 GOT BB1935 07/19/2025 07/02/2025 06/25/2024 Book Bank
Designed & Maintained by: LRC IMT Nagpur Contact: lrc@imtnag.ac.in© 2024. All Rights Reserved.